000 01242nam0a22002891 4500
001 rc\3152075
005 20250530084033.0
021 _aRU
_b[75-53146ж]
035 _a(NLR Aleph) 007322256
090 _a5922279
_c5922279
100 _a20120615d1975 |||y0rusy50 ca
101 0 _arus
102 _aRU
105 _aa z |||||
200 1 _aСтратиграфия и филлоподы юры и мела Восточного Забайкалья
_fА.Н. Олейников
210 _aМосква
_cНедра
_d1975
215 _a172 с.
_cил.
_d26
225 1 _aВсесоюзный научно-исследовательский геологический институт. Труды
_eНовая серия
_vТ. 138
320 _aСписок лит.: с. 152-156 (136 назв.)
606 _aЛистоногие ракообразные, ископаемые
_zМезозой
_yЗабайкалье
_2psbo
606 _aМезозойские отложения
_xБиостратиграфия
_yЗабайкалье
_2psbo
700 1 _aОлейников
_bА.Н.
_gАлександр Николаевич
801 0 _aRU
_bNLR
_gpsbo
801 1 _aRU
_bELAR
_2rusmarc
852 _aNLR
_jП7/443
942 _cBOOK
980 _aNB